Produk-produk perbankan Islam di Malaysia : suatu kajian di Maybank Berhad, Kuala Lumpur /
Saved in:
| 主要作者: | |
|---|---|
| 格式: | Thesis 图书 |
| 语言: | Malay |
| 主题: | |
| 在线阅读: | http://studentsrepo.um.edu.my/id/eprint/990 |
| 标签: |
添加标签
没有标签, 成为第一个标记此记录!
|
| LEADER | 01773cam a2200397 a 4500 | ||
|---|---|---|---|
| 001 | u515204 | ||
| 003 | SIRSI | ||
| 008 | 890821s2003 my t 00 1 may m | ||
| 035 | |a ACY-6980 | ||
| 040 | |a UMM |d UMA |e rda | ||
| 043 | |a a-my--- | ||
| 090 | |a BP42 |b A1 UM 2003 Mohzi | ||
| 094 | |a BP42 |b A1 UM 2003 Mohzi | ||
| 100 | 0 | 0 | |a Mohd Zailani Ismail, |e author. |
| 245 | 1 | 0 | |a Produk-produk perbankan Islam di Malaysia : |b suatu kajian di Maybank Berhad, Kuala Lumpur / |c Mohd Zailani Ismail. |
| 264 | 1 | |c 2003. | |
| 264 | 4 | |c 2003. | |
| 300 | |a xvi, 211 leaves : |b illustrations ; |c 30 cm. | ||
| 336 | |a text |2 rdacontent | ||
| 337 | |a unmediated |2 rdamedia | ||
| 338 | |a volume |2 rdacarrier | ||
| 500 | |a Diselia oleh Prof. Madya Dr. Joni Tamkin Borhan. | ||
| 500 | |a AIUM. | ||
| 502 | |a Dissertation (M.Syariah) -- Jabatan Syariah dan Ekonomi, Akademi Pengajian Islam, Universiti Malaya, 2003. | ||
| 504 | |a Bibliography: leaves [190-199]. | ||
| 610 | 2 | 0 | |a Malayan Banking Berhad. |
| 650 | 0 | |a Banks and banking |x Religious aspects |x Islam. | |
| 650 | 0 | |a Banking law (Islamic law) | |
| 710 | 1 | 0 | |a Universiti Malaya. |b Akademi Pengajian Islam. |b Jabatan Syariah dan Ekonomi. |
| 856 | 4 | 1 | |u http://studentsrepo.um.edu.my/id/eprint/990 |
| 948 | |a 28/07/2003 |b 04/06/2004 | ||
| 596 | |a 1 12 18 | ||
| 999 | |a BP42 A1 UM 2003 MOHZI |w LC |c 1 |i A511141614 |d 26/2/2013 |e 26/2/2013 |l B_KOM4 |m P01UTAMA |n 8 |r Y |s Y |t TESIS |u 11/6/2004 |o .PUBLIC. BKOM 4:28501 | ||
| 999 | |a BP42 A1 UM 2003 MOHZI |w LC |c 2 |i A511291328 |d 28/1/2016 |e 28/1/2016 |l STACKS |m P01UTAMA |n 8 |r Y |s Y |t TESIS |u 11/6/2004 | ||
| 999 | |a BP42 A1 UM 2003 MOHZI |w LC |c 1 |i A511323525 |d 9/1/2019 |e 9/1/2019 |l STACKS |m P12ISLAMKL |n 7 |r Y |s Y |t TESIS |u 17/11/2003 | ||
| 999 | |a BP42 A1 UM 2003 MOHZI |w LC |c 1 |i A510935527 |l RESERVES |m P18ISLPURI |r Y |s Y |t TESIS |u 30/9/2003 | ||
